| 000 | 03492nab a2200301 i 4500 | ||
|---|---|---|---|
| 003 | BR-BrBNA | ||
| 005 | 20250321053422.0 | ||
| 008 | 250321b2016 bl.qr|pooa||| 00| 0 por | | ||
| 040 |
_aBR-BrBNA _bpor |
||
| 072 | _aF70 | ||
| 072 | _aK10 | ||
| 100 | _aMartins, Milena Ventrichi | ||
| 100 | _aCavassan, Osmar | ||
| 100 | _aTozzi, Ana Maria Goulart de Azevedo | ||
| 100 | _aKoch, Ingrid | ||
| 245 | _aEspécies arbóreas de Papilionoideae (Leguminosae) na região noroeste do estado de São Paulo, Brasil | ||
| 500 | _aPublicação on-line; 36 ref.; 1 table; 3 illus.; Summaries (En, Pt) | ||
| 520 | _a Resumo Neste estudo foram coletados os indivíduos arbóreos e arbustivos da subfamília Papilionoideae na região noroeste do estado de São Paulo, Sudeste do Brasil. A área possui a vegetação mais fragmentada do Estado e é ainda pouco conhecida quanto à composição da flora. Foram registradas 19 espécies arbóreas de Papilionoideae reunidas em 11 gêneros e três tribos. As tribos mais representativas foram Sophoreae, com Bowdichia, Leptolobium, Myroxylon, Ormosia e Sweetia, e Dalbergieae com Andira, Centrolobium, Machaerium e Platypodium, enquanto Dipterygeae foi representada por Dipteryx e Pterodon. O gênero com maior número de espécies foi Machaerium, com oito, seguido por Leptolobium, com duas. Os demais gêneros foram representados por uma espécie cada. Os dados de distribuição das espécies apontam para uma flora regional composta por espécies com ampla distribuição no domínio Cerrado, do Brasil central, e espécies que ocorrem prioritariamente no domínio de Mata Atlântica, no Brasil oriental. Chaves para identificação, descrições e ilustrações dos táxons encontrados são apresentadas. Palavras-chave: Fabaceae, Faboideae, Cerrado, Floresta Estacional Semidecidual, florística. Abstract In this study, we collected woody plants of Papilionoideae, Leguminosae, in the northwest region of São Paulo state, southeastern Brazil. The study area has one of the most fragmented vegetation within the context of the region, and it is still poorly known about the flora. Nineteen species were recorded in eleven genera and three tribes. The most representative tribes were Sophoreae, with the genus Bowdichia, Leptolobium, Myroxylon, Sweetia and Ormosia; tribe Dalbergieae, with Andira, Centrolobium, Machaerium and Platypodium, and tribe Dipterygeae represented by Dipteryx and Pterodon. Machaerium presented the highest number of species, with eight, followed by Leptolobium, with two species. The other genera were represented by one species each. The species distribution data showed that the regional flora consists of species with wide distribution in the Cerrado, in central Brazil, and species that occur primarily in the Atlantic forest in eastern Brazil. Keys, descriptions and illustrations of the taxa found are displayed. Keywords: Fabaceae, Faboideae, Cerrado, Semideciduous Forest, floristic | ||
| 650 | _aCERRADO | ||
| 650 | _aPAPILIONOIDEAE | ||
| 650 | _aFLORESTA | ||
| 650 | _aCOMPOSIÇÃO BOTÂNICA | ||
| 650 | _aTAXONOMIA | ||
| 773 | 0 |
_0709 _9349283 _dRio de Janeiro-RJ Jardim Botanico do Rio de Janeiro 1935 _o2025-1802 _tRodriguésia (Brazil) _x0370-6583; 2175-7860 on-line _gv. 67(1) p. 085-104; (2016) _wBR2025000276 |
|
| 856 | _uhttps://www.scielo.br/j/rod/a/5DHfBHZXznBcsRkggkZfPGf/?format=pdf&lang=pt | ||
| 942 | _cANA | ||
| 999 |
_c330576 _d330576 |
||